| 000 | 00449nam a2200157Ia 4500 | ||
|---|---|---|---|
| 003 | SISC | ||
| 005 | 20190426151927.0 | ||
| 008 | 190426s9999 xx 000 0 und d | ||
| 020 | _a9781138648364 | ||
| 245 |
_cEdited by Victoria Galbraith.-- _aCounseling psychology / |
||
| 260 |
_aNew York : _bRoutledge _c2018 |
||
| 300 | _axi, 259 pages. | ||
| 500 | _aIncludes bibliographical references and index. | ||
| 650 | _aCounseling. | ||
| 942 |
_2lcc _cBK |
||
| 999 |
_c361681 _d361681 |
||